Estatísticas para Personalidades brasileiras

Clique aqui para jogar o quiz

Estatísticas Gerais

  • Esse quiz foi jogado 166 vezes
  • A pontuação média é 50 de 88

Estatísticas das Respostas

Resposta% Correto
Roberto Carlos
93%
Zumbi
92%
Marta
91%
Ronaldinho Gaúcho
91%
Ayrton Senna
90%
Alok
89%
Getúlio Vargas
89%
Luan Santana
89%
Ivete Sangalo
88%
Whindersson Nunes
88%
Marina Silva
87%
Renato Aragão
87%
Tiradentes
87%
Monteiro Lobato
85%
Gabriel Medina
84%
Leonardo
84%
Tiririca
82%
Caetano Veloso
80%
Lampião
80%
Fernando Henrique Cardoso
79%
Santos Dumont
79%
Alcione
78%
Deodoro da Fonseca
77%
Gustavo Kuerten
77%
Machado de Assis
75%
Luiz Gonzaga
74%
Juscelino Kubitschek
72%
Oscar Niemeyer
72%
Grazi Massafera
71%
Jânio Quadros
70%
Maria Bethânia
70%
Maria Bonita
70%
Aleijadinho
67%
Garrincha
67%
Vitória Falcão
66%
Zagallo
65%
Ana Caetano
64%
Tarsila do Amaral
64%
Daiane dos Santos
63%
Paulo Freire
63%
Tancredo Neves
63%
Zé Ramalho
60%
Tom Cavalcante
58%
Chico Anysio
57%
Clarice Lispector
57%
Floriano Peixoto
57%
Ariano Suassuna
56%
Fafá de Belém
56%
Elba Ramalho
55%
Oscar Schmidt
55%
Padre Cícero
55%
Enéas Carneiro
54%
Graciliano Ramos
53%
Ney Matogrosso
52%
Vanessa da Mata
52%
Tom Jobim
51%
Glória Perez
50%
Irmã Dulce
47%
José Aldo
47%
José de Anchieta
46%
Chico Mendes
44%
Eurico Gaspar Dutra
43%
Jorge Amado
43%
Luís Carlos Prestes
43%
José Bonifácio
42%
Anderson Varejão
37%
Café Filho
37%
Leonel Brizola
37%
Anita Garibaldi
36%
Bento Gonçalves
31%
Barão do Rio Branco
28%
Fernanda Takai
28%
Lúcio Costa
25%
Silva
25%
Dorival Caymmi
24%
Epitácio Pessoa
23%
Érico Veríssimo
23%
Cruz e Sousa
22%
Nereu Ramos
21%
Burle Marx
20%
Cândido Rondon
20%
Assis Chateaubriand
19%
Frei Caneca
19%
Santa Paulina
16%
César Lattes
14%
Carlos Ghosn
13%
Ferreira Gullar
11%
Gálvez
7%

Distribuição das Pontuações

Percentil de Números Respondidos

Porcentagem de Pessoas com Cada Pontuação

Sua Pontuação Histórica

Você não jogou esse quiz